Obchodný vestník

Guardado en:
Detalles Bibliográficos
Formato: Seriadas
Lenguaje:eslovaco
Publicado: Bratislava Ministerstvo spravodlivosti SR 1999
Materias:
Etiquetas: Agregar Etiqueta
Sin Etiquetas, Sea el primero en etiquetar este registro!

MARC

LEADER 00000nas2a2200000 4500
001 s124073
005 20231103122532.1
041 0 |a slo 
044 |a SK 
245 1 0 |a Obchodný vestník 
264 1 |a Bratislava  |b Ministerstvo spravodlivosti SR  |c 1999 
300 |a 7 zv. 
773 0 |w eu_un_cat*s120201 
610 2 0 |a právo obchodné 
610 2 0 |a register obchodný